Methods of testing 2lattices2d rubber. Part A 19. Accelerated ageing tests. (Record no. 73176)

MARC details
000 -LEADER
fixed length control field 00364nam a2200121Ia 4500
245 #0 - TITLE STATEMENT
Title Methods of testing 2lattices2d rubber. Part A 19. Accelerated ageing tests.
260 ## - PUBLICATION, DISTRIBUTION, ETC. (IMPRINT)
Year of publication 1974
500 ## - GENERAL NOTE
General note Standard number: BS 903 Part A 21
650 ## - SUBJECT ADDED ENTRY--TOPICAL TERM
Topical Term Accelerated ageing test
650 ## - SUBJECT ADDED ENTRY--TOPICAL TERM
Topical Term Vulcanized rubber
942 ## - ADDED ENTRY ELEMENTS (KOHA)
Koha item type Standards
Holdings
Withdrawn status Lost status Damaged status Not for loan Collection code Home library Current library Date acquired Koha item type
      Standards British standards RRII Library RRII Library 31/12/2021 Standards